| 000 | 01088nas a22003131i#4500 | ||
|---|---|---|---|
| 001 | 2575 | ||
| 003 | ES-MaACL | ||
| 005 | 20250710063337.0 | ||
| 007 | t| | ||
| 008 | 950801m18581920sp a| | 1 ||pa d | ||
| 080 | _a(059)(460) | ||
| 245 | 0 | 0 | _aAlmanaque del Diario de Barcelona |
| 260 |
_aBarcelona : _bImp. Barcelonesa, _c1858-1920. |
||
| 300 |
_a6 v. ; _c19 cm. |
||
| 310 | _aAnual | ||
| 362 | 0 | _a1858-1920. | |
| 530 | _aDisponible en formato digital | ||
| 655 | 0 |
_aAlmanaques _9241262 |
|
| 852 | 1 |
_aBA _cDEPOF _jT-750-F-3 _pAño 1897 |
|
| 852 |
_aES-MaACL _cDEPOF _jT-1355-F-5 _pAño 1914 |
||
| 852 |
_aES-MaACL _cDEPOF _j1497-F-17 _pAño 1915 |
||
| 852 |
_aES-MaACL _cDEPOF _j1497-F-16 _pAño 1916 |
||
| 852 |
_aES-MaACL _cDEPOF _j1530-F-10 _pAño 1918 |
||
| 852 |
_aES-MaACL _cDEPOF _j1553-F-10 _pAño 1920 |
||
| 856 |
_uhttps://arca.bnc.cat/arcabib_pro/ca/consulta/registro.do?id=2280 _yVersión en línea: 1858-1920 _z(ARCA: Arxiu de Revistes Catalanes Antigues) |
||
| 866 | 0 | _o1897,1914-16,1918,1920. | |
| 942 |
_2udc _cPERIODICA _n0 |
||
| 999 |
_c2575 _d2575 |
||